| 000 | 00000nas 2200000za 4500 |
| 001 | 9.820868 |
| 003 | CaOODSP |
| 005 | 20221107143325 |
| 007 | cr ||||||||||| |
| 008 | 160712d19541954onc x p oss f0###a0eng|d |
| 022 | |y0837-9637 |
| 040 | |aCaOODSP|beng |
| 043 | |an-cn--- |
| 086 | 1 |aCS81-502E-PDF |
| 245 | 00|aList of institutions of higher education in Canada |h[electronic resource]. |
| 260 | |a[Ottawa] : |bDominion Bureau of Statistics, Education Division, |c[1954]. |
| 310 | |aIrregular |
| 362 | 0 |a[1953/54]. |
| 490 | 1 |aReference paper ;|vno. 48 |
| 500 | |aDigitized edition from print [produced by Statistics Canada]. |
| 500 | |aIssued also in French under title: Répertoire des institutions d'enseignement supérieur au Canada. |
| 550 | |aIssued 1950 by Dominion Bureau of Statistics, Education Division. |
| 580 | |aMerged with: Répertoire des institutions d'enseignement supérieur au Canada, to become: Canadian institutions of higher education. |
| 580 | |aMerger of: Institutions of higher education in Canada; and, a part of Survey of higher education, 1953/54. |
| 692 | 07|2gccst|aUniversities |
| 692 | 07|2gccst|aColleges |
| 710 | 1 |aCanada.|bDominion Bureau of Statistics.|bEducation Division. |
| 775 | 08|tRépertoire des institutions d'enseignement supérieur au Canada |w(CaOODSP)9.820869 |
| 780 | 00|tSurvey of higher education |w(CaOODSP)9.818252 |
| 780 | 00|tInstitutions of higher education in Canada |w(CaOODSP)9.820859 |
| 785 | 00|tCanadian institutions of higher education |w(CaOODSP)9.820871 |
| 830 | #0|aReference paper (Canada. Dominion Bureau of Statistics)|vno. 48|w(CaOODSP)9.820711 |